[Event "Politiken Cup 2008"]
[Site "Helsingør DEN"]
[Date "2008.07.19"]
[Round "1.42"]
[White "Van Der Grinten, Bas"]
[Black "Eljanov, Vladimir"]
[Result "0-1"]
[WhiteElo "1921"]
[BlackElo "2357"]
[PlyCount "48"]
[EventDate "2008.07.20"]
[EventType "swiss"]
[EventRounds "9"]
[EventCountry "DEN"]
[Source "lmi"]
[SourceDate "2008.07.20"]
[WhiteTeam "Venlose"]

1. c4 c5 2. Nc3 Nf6 3. g3 d5 4. cxd5 Nxd5 5. Bg2 Nb4 6. Nf3 N8c6 7. O-O e5 8.
d3 Be7 9. Be3 f6 10. Rc1 Be6 11. a3 Na6 12. Qa4 Qd7 13. Nd2 Rc8 14. f4 exf4 15.
Rxf4 O-O 16. Nb3 Rfd8 17. Ne4 b6 18. Ned2 Nab8 19. d4 cxd4 20. Nxd4 Nxd4 21.
Rxc8 Qxa4 22. Rxd8+ Bxd8 23. Rxd4 Qe8 24. Re4 f5 0-1

[Event "Politiken Cup 2008"]
[Site "Helsingør DEN"]
[Date "2008.07.19"]
[Round "1.43"]
[White "Matthiesen, Martin"]
[Black "Marshall, Michael"]
[Result "1/2-1/2"]
[WhiteElo "2345"]
[BlackElo "1917"]
[PlyCount "112"]
[EventDate "2008.07.20"]
[EventType "swiss"]
[EventRounds "9"]
[EventCountry "DEN"]
[Source "lmi"]
[SourceDate "2008.07.20"]
[WhiteTeam "SK68"]
[BlackTeam "Odysseus"]

1. Nf3 Nf6 2. d4 e6 3. c4 b6 4. g3 Ba6 5. b3 Bb4+ 6. Bd2 Be7 7. Bg2 c6 8. Bc3
d5 9. Ne5 Nfd7 10. Nxd7 Nxd7 11. Nd2 Nf6 12. O-O O-O 13. e4 dxe4 14. a4 Rc8 15.
Nxe4 Nxe4 16. Bxe4 Bf6 17. Qh5 g6 18. Qf3 c5 19. dxc5 Bxc3 20. Qxc3 Rxc5 21.
Rad1 Qe7 22. Rd2 Rd8 23. Rfd1 Rxd2 24. Qxd2 Rc7 25. Qd8+ Qxd8 26. Rxd8+ Kg7 27.
Ra8 h5 28. Kf1 Kf6 29. Ke2 Rd7 30. Ke3 Ke7 31. Kf4 Kf6 32. h4 e5+ 33. Ke3 Kg7
34. Bd5 Rc7 35. Ke4 f6 36. f4 exf4 37. Kxf4 Bc8 38. b4 Bd7 39. b5 Bf5 40. Rg8+
Kh7 41. Rb8 Bd3 42. Ke3 Bxc4 43. Bxc4 Rxc4 44. Rb7+ Kh6 45. Rxa7 g5 46. hxg5+
fxg5 47. Ra6 Kg7 48. Rxb6 Rxa4 49. Rc6 Rb4 50. b6 h4 51. gxh4 gxh4 52. Rc7+ Kg6
53. b7 h3 54. Rc6+ Kg7 55. Rc7+ Kg6 56. Kf2 Rb3 1/2-1/2

[Event "Politiken Cup 2008"]
[Site "Helsingør DEN"]
[Date "2008.07.19"]
[Round "1.44"]
[White "Benediktsson, Frimann"]
[Black "Arkhangelsky, Boris"]
[Result "0-1"]
[WhiteElo "1915"]
[BlackElo "2340"]
[PlyCount "76"]
[EventDate "2008.07.20"]
[EventType "swiss"]
[EventRounds "9"]
[EventCountry "DEN"]
[Source "lmi"]
[SourceDate "2008.07.20"]
[WhiteTeam "Taflfelag Rejkjavikur"]

1. d4 Nf6 2. c4 e6 3. Nc3 d5 4. Bg5 Nbd7 5. e3 c6 6. Nf3 Qa5 7. Nd2 Bb4 8. Qc2
b6 9. Nb3 Bxc3+ 10. bxc3 Qa4 11. cxd5 cxd5 12. Bd3 Ba6 13. Bxf6 Nxf6 14. f3 Rc8
15. O-O O-O 16. Rfc1 Rc7 17. Qe2 Bxd3 18. Qxd3 Ne8 19. e4 Nd6 20. Rc2 Rfc8 21.
h3 g6 22. Kh2 Qb5 23. Qe3 Nc4 24. Qc1 Qc6 25. e5 Qa4 26. Qg5 Na3 27. Rcc1 Qd7
28. Kh1 Rc4 29. Kh2 Nb5 30. a4 Nxc3 31. a5 Nb5 32. axb6 axb6 33. Qf4 Rxc1 34.
Rxc1 Rxc1 35. Qxc1 Na7 36. Qa3 Qc7 37. Qa6 Nc6 38. Qb5 Nxd4 0-1

[Event "Politiken Cup 2008"]
[Site "Helsingør DEN"]
[Date "2008.07.19"]
[Round "1.46"]
[White "Nielsen, Lasse Simoni"]
[Black "Marusenko, Petr"]
[Result "0-1"]
[WhiteElo "1888"]
[BlackElo "2327"]
[PlyCount "50"]
[EventDate "2008.07.20"]
[EventType "swiss"]
[EventRounds "9"]
[EventCountry "DEN"]
[Source "lmi"]
[SourceDate "2008.07.20"]
[WhiteTeam "Jetsmark"]

1. e4 c6 2. d4 d5 3. Nc3 dxe4 4. Nxe4 Bf5 5. Ng3 Bg6 6. h4 h6 7. Nf3 Nd7 8. Bd3
Bxd3 9. Qxd3 Ngf6 10. c4 e6 11. Bf4 Bb4+ 12. Bd2 Bxd2+ 13. Qxd2 O-O 14. O-O-O
b5 15. Ne5 bxc4 16. Nxc4 Nb6 17. Qc2 Qd5 18. Ne5 Qxa2 19. Rd3 Qa1+ 20. Kd2 Qa5+
21. Qc3 Qb5 22. b3 Nbd5 23. Qc4 Qa5+ 24. Kd1 Rac8 25. Re1 c5 0-1

[Event "Politiken Cup 2008"]
[Site "Helsingør DEN"]
[Date "2008.07.19"]
[Round "1.47"]
[White "Jacobsen, Bo"]
[Black "Sørensen, Svend Erik Forby"]
[Result "1-0"]
[WhiteElo "2323"]
[BlackElo "1911"]
[PlyCount "65"]
[EventDate "2008.07.20"]
[EventType "swiss"]
[EventRounds "9"]
[EventCountry "DEN"]
[Source "lmi"]
[SourceDate "2008.07.20"]
[WhiteTeam "AArhus/Skolerne"]
[BlackTeam "Ålgårde"]

1. g3 g6 2. Bg2 Bg7 3. e4 c5 4. Nc3 Nc6 5. d3 d6 6. f4 e5 7. Nh3 Nge7 8. O-O
O-O 9. f5 f6 10. fxg6 hxg6 11. Be3 Be6 12. Qd2 Qd7 13. Nf2 Rf7 14. Bh6 Bxh6 15.
Qxh6 Rh7 16. Qd2 Kg7 17. h4 Rf8 18. Nd5 Ng8 19. c3 Nh6 20. a3 Bxd5 21. exd5 Ne7
22. b4 b6 23. bxc5 bxc5 24. Rab1 Nhf5 25. Ne4 Nxd5 26. Ng5 fxg5 27. Bxd5 Rc8
28. Rb7 Rc7 29. Rfb1 Ne7 30. Rxc7 Qxc7 31. Rb7 Qd8 32. Qxg5 Kh8 33. Rxa7 1-0

[Event "Politiken Cup 2008"]
[Site "Helsingør DEN"]
[Date "2008.07.19"]
[Round "1.48"]
[White "Skov, Palle"]
[Black "Carstensen, Jacob"]
[Result "0-1"]
[WhiteElo "1910"]
[BlackElo "2309"]
[PlyCount "104"]
[EventDate "2008.07.20"]
[EventType "swiss"]
[EventRounds "9"]
[EventCountry "DEN"]
[Source "lmi"]
[SourceDate "2008.07.20"]
[WhiteTeam "Hillerød"]
[BlackTeam "Brønshøj"]

1. c4 Nf6 2. Nc3 e5 3. Nf3 Nc6 4. e3 Be7 5. d4 exd4 6. Nxd4 O-O 7. Be2 Bb4 8.
Qc2 d5 9. Nxc6 bxc6 10. O-O Qe7 11. a3 Bd6 12. b4 dxc4 13. Bxc4 a5 14. b5 Ng4
15. h3 cxb5 16. Bd5 Rb8 17. hxg4 Bxg4 18. Qe4 Qh4 19. g3 Qh5 20. Bb2 b4 21. Nb1
Rfe8 22. Qh1 Qg6 23. axb4 axb4 24. Bc6 Re7 25. Bd4 h5 26. Nd2 Be2 27. Rfc1 b3
28. Ra8 Rxa8 29. Bxa8 Qd3 30. Ne4 Ba3 31. Qh4 Rd7 32. Qg5 Rxd4 33. exd4 Bxc1
34. Qxc1 Bf3 35. Nc5 b2 36. Nxd3 bxc1=Q+ 37. Nxc1 Bxa8 38. Nd3 Be4 39. Nc5 Bd5
40. Kf1 g5 41. Nd7 Kg7 42. Ke2 c6 43. Ke3 f6 44. Nc5 Kg6 45. Nd7 Kf5 46. Ke2 h4
47. gxh4 gxh4 48. f3 Be6 49. Nb8 Kf4 50. Nxc6 Kg3 51. Ne7 h3 52. d5 Bd7 0-1

[Event "Politiken Cup 2008"]
[Site "Helsingør DEN"]
[Date "2008.07.19"]
[Round "1.50"]
[White "Joensen, Jogvan"]
[Black "Moen, Andreas"]
[Result "0-1"]
[WhiteElo "1904"]
[BlackElo "2297"]
[PlyCount "64"]
[EventDate "2008.07.20"]
[EventType "swiss"]
[EventRounds "9"]
[EventCountry "DEN"]
[Source "lmi"]
[SourceDate "2008.07.20"]
[WhiteTeam "Havnar Telvingarfelag"]
[BlackTeam "OSS"]

1. d4 d5 2. Nf3 Nf6 3. Bf4 c5 4. e3 Nc6 5. c3 Qb6 6. b3 Bg4 7. Be2 e6 8. O-O
Be7 9. h3 Bh5 10. Nbd2 O-O 11. a4 a5 12. Ne5 Bxe2 13. Qxe2 cxd4 14. Nxc6 Qxc6
15. cxd4 Rfc8 16. Rfc1 Qxc1+ 17. Rxc1 Rxc1+ 18. Kh2 Rc2 19. Qd3 Rac8 20. Nc4
Rxf2 21. Bg3 dxc4 22. bxc4 Rb2 23. c5 Bd8 24. Qa3 Rb4 25. Qa2 Bc7 26. Qc2 Bxg3+
27. Kxg3 b6 28. c6 h6 29. c7 Nd5 30. Qc6 Rxc7 31. Qe8+ Kh7 32. e4 Nf6 0-1

[Event "Politiken Cup 2008"]
[Site "Helsingør DEN"]
[Date "2008.07.19"]
[Round "1.51"]
[White "Humphrey, Jonathan"]
[Black "Jensen, Niels Christian"]
[Result "1/2-1/2"]
[WhiteElo "2289"]
[BlackElo "1903"]
[PlyCount "53"]
[EventDate "2008.07.20"]
[EventType "swiss"]
[EventRounds "9"]
[EventCountry "DEN"]
[Source "lmi"]
[SourceDate "2008.07.20"]
[BlackTeam "AS04"]

1. e4 e5 2. Nf3 Nc6 3. Bb5 a6 4. Ba4 Nf6 5. O-O b5 6. Bb3 Bb7 7. d3 Bc5 8. a4
O-O 9. c3 d5 10. exd5 Nxd5 11. axb5 axb5 12. Rxa8 Bxa8 13. d4 exd4 14. cxd4 Be7
15. Nbd2 Nf6 16. Qe2 h6 17. Rd1 Qd7 18. h3 Qf5 19. Nh4 Qh5 20. Qxh5 Nxh5 21.
Nf5 Bb4 22. Nf3 Ne7 23. Nxe7+ Bxe7 24. Ne5 Bd6 25. Nd7 Rd8 26. Ne5 Rf8 27. Nd7
1/2-1/2

[Event "Politiken Cup 2008"]
[Site "Helsingør DEN"]
[Date "2008.07.19"]
[Round "1.54"]
[White "Hansen, Henrik Damgaard"]
[Black "Aabling-Thomsen, Jakob"]
[Result "0-1"]
[WhiteElo "1893"]
[BlackElo "2275"]
[PlyCount "52"]
[EventDate "2008.07.20"]
[EventType "swiss"]
[EventRounds "9"]
[EventCountry "DEN"]
[Source "lmi"]
[SourceDate "2008.07.20"]
[WhiteTeam "Hillerød"]
[BlackTeam "Brønshøj"]

1. e4 g6 2. d4 Bg7 3. c4 d6 4. Nc3 Nf6 5. Bg5 O-O 6. f4 c6 7. Bd3 Qb6 8. Qd2
Qxd4 9. Nf3 Qb6 10. Na4 Qc7 11. O-O Bg4 12. h3 Bxf3 13. Rxf3 Nbd7 14. Rd1 Rfe8
15. b4 a6 16. Nc3 Qb6+ 17. Kh1 Qxb4 18. Rb1 Qa5 19. Rxb7 Nc5 20. Rb1 Nfd7 21.
Bc2 Nb6 22. Bb3 Bxc3 23. Qxc3 Qxc3 24. Rxc3 Nxe4 25. Re3 Nxg5 26. fxg5 c5 0-1

[Event "Politiken Cup 2008"]
[Site "Helsingør DEN"]
[Date "2008.07.19"]
[Round "1.55"]
[White "Malmdin, Nils-Ake"]
[Black "Nord, Michael"]
[Result "1-0"]
[WhiteElo "2274"]
[BlackElo "1889"]
[PlyCount "51"]
[EventDate "2008.07.20"]
[EventType "swiss"]
[EventRounds "9"]
[EventCountry "DEN"]
[Source "lmi"]
[SourceDate "2008.07.20"]
[WhiteTeam "Sundsvall"]
[BlackTeam "Tårnet Svendborg"]

1. e4 c5 2. Nf3 d6 3. d4 cxd4 4. Qxd4 Nc6 5. Bb5 Bd7 6. Bxc6 Bxc6 7. Nc3 Nf6 8.
Bg5 e6 9. O-O-O Be7 10. Rhe1 O-O 11. Qd2 Qa5 12. Nd4 Rac8 13. Kb1 Qb6 14. f3 h6
15. Be3 Qc7 16. g4 a6 17. g5 hxg5 18. Bxg5 b5 19. Rg1 b4 20. Nce2 d5 21. Nxc6
Qxc6 22. e5 b3 23. axb3 Bb4 24. c3 d4 25. Bxf6 Rfd8 26. Qh6 1-0

[Event "Politiken Cup 2008"]
[Site "Helsingør DEN"]
[Date "2008.07.19"]
[Round "1.56"]
[White "Rasmussen, Morten"]
[Black "Bach, Matthias"]
[Result "1-0"]
[WhiteElo "1885"]
[BlackElo "2272"]
[PlyCount "81"]
[EventDate "2008.07.20"]
[EventType "swiss"]
[EventRounds "9"]
[EventCountry "DEN"]
[Source "lmi"]
[SourceDate "2008.07.20"]
[WhiteTeam "Enkeltmedlem"]
[BlackTeam "Hsk V 1830"]

1. d4 Nf6 2. c4 c5 3. Nf3 cxd4 4. Nxd4 e5 5. Nb3 b5 6. cxb5 a6 7. e3 Bb7 8.
bxa6 Nxa6 9. N1d2 Rc8 10. a3 Bd6 11. Nc4 Bc7 12. Nd6+ Bxd6 13. Qxd6 Rc6 14.
Qxe5+ Re6 15. Qc3 O-O 16. Nd4 Ne4 17. Nxe6 fxe6 18. Qd4 Rxf2 19. b4 Qh4 20. g3
Qg4 21. Rg1 Rxh2 22. Qxd7 h5 23. Qxb7 Qf3 24. Qc8+ Kh7 25. Qc4 Qf2+ 26. Kd1
Qxg1 27. Qxe4+ g6 28. Qb7+ Kg8 29. Qxa6 Rf2 30. Qxe6+ Kh7 31. Qd7+ Kg8 32. Qd3
Rxf1+ 33. Kc2 Kf7 34. a4 Rf2+ 35. Kb3 Qxg3 36. a5 Qe5 37. Qd4 Qf5 38. Qc3 Qf3
39. a6 Qd1+ 40. Ka3 Rc2 41. Qb3+ 1-0

[Event "Politiken Cup 2008"]
[Site "Helsingør DEN"]
[Date "2008.07.19"]
[Round "1.57"]
[White "Skovgaard, Peter"]
[Black "Thestrup, Sixten"]
[Result "1-0"]
[WhiteElo "2255"]
[BlackElo "1883"]
[PlyCount "103"]
[EventDate "2008.07.20"]
[EventType "swiss"]
[EventRounds "9"]
[EventCountry "DEN"]
[Source "lmi"]
[SourceDate "2008.07.20"]
[WhiteTeam "BMS"]
[BlackTeam "Øbro"]

1. e4 b6 2. d4 Bb7 3. Bd3 e6 4. Nf3 c5 5. c3 cxd4 6. cxd4 Bb4+ 7. Nbd2 Nf6 8.
O-O d5 9. Qa4+ Nbd7 10. e5 Bxd2 11. Nxd2 Ne4 12. Nb1 Ng5 13. f3 h5 14. Qb4 f5
15. Qd6 Rh6 16. Bb5 Nf7 17. Qxd7+ Qxd7 18. Bxd7+ Kxd7 19. Bxh6 Nxh6 20. f4 Ng4
21. Rf3 Rc8 22. Nc3 Ba6 23. h3 Nh6 24. Kf2 Nf7 25. Rg1 Rc4 26. Ke3 Ke7 27. Rc1
g5 28. b3 Rc8 29. Ne2 Rxc1 30. Nxc1 g4 31. Rf2 Kd7 32. hxg4 hxg4 33. Ne2 Bxe2
34. Rxe2 Nd8 35. Re1 Nc6 36. Rh1 a5 37. Rh7+ Ne7 38. a4 Kd8 39. Kd3 Kd7 40. Kc3
Kd8 41. Rg7 Ke8 42. b4 Kd8 43. b5 Ke8 44. Kd3 Kf8 45. Rh7 Ke8 46. Ke3 Kd8 47.
Kf2 Ke8 48. Kg3 Kd8 49. Kh4 Ng6+ 50. Kg5 Nf8 51. Rf7 Nd7 52. Rxd7+ 1-0

[Event "Politiken Cup 2008"]
[Site "Helsingør DEN"]
[Date "2008.07.19"]
[Round "1.58"]
[White "Brorsen, Jacob Abildlund"]
[Black "Sylvan, Jacob"]
[Result "0-1"]
[WhiteElo "1882"]
[BlackElo "2250"]
[PlyCount "66"]
[EventDate "2008.07.20"]
[EventType "swiss"]
[EventRounds "9"]
[EventCountry "DEN"]
[Source "lmi"]
[SourceDate "2008.07.20"]
[WhiteTeam "BMS"]
[BlackTeam "Odysseus"]

1. f4 g6 2. Nf3 Bg7 3. g3 Nf6 4. Bg2 O-O 5. O-O c5 6. d3 d5 7. c3 Nc6 8. Qe1 d4
9. c4 Qc7 10. Nbd2 e5 11. fxe5 Ng4 12. Ne4 Ncxe5 13. b4 cxb4 14. Qxb4 Bd7 15.
Qd6 Qc8 16. Bf4 Nxf3+ 17. exf3 Ne3 18. Nf6+ Kh8 19. Bxe3 dxe3 20. Rae1 Be6 21.
Ng4 Rd8 22. Qf4 Rxd3 23. Ne5 Ra3 24. Re2 Qf8 25. Rd1 Rc8 26. Bf1 h6 27. h4 Rc5
28. Nd7 Qd8 29. Nxc5 Qxd1 30. Nxe6 fxe6 31. Qb8+ Kh7 32. Qxb7 Rc3 33. Qe4 Rc1
0-1

[Event "Politiken Cup 2008"]
[Site "Helsingør DEN"]
[Date "2008.07.19"]
[Round "1.59"]
[White "Angskog, Kent"]
[Black "Lund, Per"]
[Result "1/2-1/2"]
[WhiteElo "2247"]
[BlackElo "1878"]
[PlyCount "62"]
[EventDate "2008.07.20"]
[EventType "swiss"]
[EventRounds "9"]
[EventCountry "DEN"]
[Source "lmi"]
[SourceDate "2008.07.20"]
[WhiteTeam "Hornsdal SK"]
[BlackTeam "Frederiksund"]

1. Nf3 Nf6 2. c4 e6 3. g3 d5 4. Bg2 Be7 5. d4 O-O 6. O-O Nbd7 7. Nbd2 c5 8.
cxd5 Nxd5 9. e4 Nb4 10. Nc4 b6 11. a3 Ba6 12. Qb3 Nc6 13. d5 exd5 14. exd5 Bxc4
15. Qxc4 Na5 16. Qc2 Rc8 17. Bh3 Bf6 18. Bf4 c4 19. Qf5 Nb3 20. Rab1 Ndc5 21.
Qxc8 Qxc8 22. Bxc8 Rxc8 23. Be5 Bxe5 24. Nxe5 Nd2 25. Rbd1 Nxf1 26. Kxf1 b5 27.
d6 f6 28. d7 Rd8 29. Rd5 fxe5 30. Rxc5 Rxd7 31. Rxb5 Rd2 1/2-1/2

[Event "Politiken Cup 2008"]
[Site "Helsingør DEN"]
[Date "2008.07.19"]
[Round "1.60"]
[White "Lindgren, Philip"]
[Black "Christensen, Bo Garner"]
[Result "0-1"]
[WhiteElo "1876"]
[BlackElo "2247"]
[PlyCount "70"]
[EventDate "2008.07.20"]
[EventType "swiss"]
[EventRounds "9"]
[EventCountry "DEN"]
[Source "lmi"]
[SourceDate "2008.07.20"]
[WhiteTeam "Limhamn"]
[BlackTeam "Skovbo"]

1. d4 f5 2. c4 Nf6 3. Nf3 g6 4. g3 Bg7 5. Bg2 d6 6. O-O O-O 7. Nc3 Nc6 8. d5
Ne5 9. Nxe5 dxe5 10. c5 h6 11. Qb3 Kh8 12. Rd1 a6 13. Be3 g5 14. c6 b6 15. a3
Rb8 16. f3 Ne8 17. Rac1 Nd6 18. Bf2 h5 19. e4 f4 20. Ne2 Qe8 21. Kh1 fxg3 22.
hxg3 Qg6 23. Qe3 Bh6 24. Rf1 a5 25. Qd3 Ra8 26. b3 Ba6 27. Qc2 Rf7 28. Be3 Raf8
29. Kg1 g4 30. f4 h4 31. Qd2 Bxe2 32. f5 Qh5 33. Qxe2 hxg3 34. Rfe1 Qh2+ 35.
Kf1 Nxf5 0-1

[Event "Politiken Cup 2008"]
[Site "Helsingør DEN"]
[Date "2008.07.19"]
[Round "1.61"]
[White "Klein, Felix"]
[Black "Palvig, David Kinch"]
[Result "1-0"]
[WhiteElo "2241"]
[BlackElo "1868"]
[PlyCount "83"]
[EventDate "2008.07.20"]
[EventType "swiss"]
[EventRounds "9"]
[EventCountry "DEN"]
[Source "lmi"]
[SourceDate "2008.07.20"]
[WhiteTeam "Achener Schachverein"]
[BlackTeam "Hillerød"]

1. e4 c6 2. d4 d5 3. Nc3 dxe4 4. Nxe4 Bf5 5. Ng3 Bg6 6. h4 h6 7. Nf3 Nd7 8. h5
Bh7 9. Bd3 Bxd3 10. Qxd3 Ngf6 11. Bf4 Qa5+ 12. Bd2 Qc7 13. O-O-O O-O-O 14. Ne4
e6 15. g3 Nxe4 16. Qxe4 Bd6 17. Kb1 Kb8 18. c4 Ka8 19. c5 Be7 20. Bf4 Qc8 21.
Rd3 Nf6 22. Qe2 Nd5 23. Bd2 Bf6 24. Rd1 Rd7 25. Ba5 b5 26. cxb6 axb6 27. Be1
Ra7 28. Qc2 Kb7 29. Qb3 Qc7 30. Nd2 Rha8 31. a3 Kc8 32. Nc4 b5 33. Ne3 Nb6 34.
Bb4 Be7 35. Rc1 Bxb4 36. Qxb4 Kd7 37. d5 exd5 38. Qg4+ Ke7 39. Qxg7 Nc4 40.
Nxc4 bxc4 41. Re3+ Kd8 42. Qf8+ 1-0

[Event "Politiken Cup 2008"]
[Site "Helsingør DEN"]
[Date "2008.07.19"]
[Round "1.62"]
[White "Salomonsen, Sixten"]
[Black "Hess, Christian"]
[Result "0-1"]
[WhiteElo "1868"]
[BlackElo "2235"]
[PlyCount "80"]
[EventDate "2008.07.20"]
[EventType "swiss"]
[EventRounds "9"]
[EventCountry "DEN"]
[Source "lmi"]
[SourceDate "2008.07.20"]
[WhiteTeam "HG Schack Helsingborg"]
[BlackTeam "Königspringer Hamburg"]

1. e4 c6 2. d4 d5 3. exd5 cxd5 4. c4 Nf6 5. Nc3 e6 6. Nf3 Bb4 7. cxd5 Nxd5 8.
Qc2 Nc6 9. a3 Ba5 10. Bb5 Nxc3 11. bxc3 Qd5 12. Ba4 b5 13. Bb3 Nxd4 14. Nxd4
Qxd4 15. O-O Qxc3 16. Qe4 O-O 17. Qxa8 Qxa1 18. Qxa7 Qc3 19. Be3 Qxb3 20. Qxa5
Bb7 21. Qb6 Qd5 22. f3 Rc8 23. Rc1 Rxc1+ 24. Bxc1 h5 25. Be3 Qd1+ 26. Kf2 Qc2+
27. Kg1 Qb1+ 28. Kf2 Qa2+ 29. Kg3 Qxa3 30. Qxb7 Qxe3 31. Qxb5 g5 32. h3 Kg7 33.
Qb2+ Kh7 34. Qa2 Qd4 35. Qc2+ Kg7 36. Kh2 Qf4+ 37. Kh1 g4 38. hxg4 hxg4 39. Qd1
g3 40. Qb1 Qh4+ 0-1

[Event "Politiken Cup 2008"]
[Site "Helsingør DEN"]
[Date "2008.07.19"]
[Round "1.64"]
[White "Nielsen, Palle"]
[Black "Olsen, Peter Erik"]
[Result "1-0"]
[WhiteElo "1864"]
[BlackElo "2224"]
[PlyCount "53"]
[EventDate "2008.07.20"]
[EventType "swiss"]
[EventRounds "9"]
[EventCountry "DEN"]
[Source "lmi"]
[SourceDate "2008.07.20"]
[WhiteTeam "Ålsgårde"]
[BlackTeam "Seksløberen"]

1. e4 d5 2. exd5 Qxd5 3. d4 e5 4. Nc3 Bb4 5. Nge2 Nc6 6. Be3 Bg4 7. f3 Bxf3 8.
gxf3 Qxf3 9. d5 O-O-O 10. Bd2 Qxh1 11. Ng3 Qxh2 12. Qg4+ f5 13. Nxf5 Nf6 14.
Ne7+ Kb8 15. Nxc6+ bxc6 16. Qxb4+ Ka8 17. O-O-O Nxd5 18. Qc5 Rd6 19. Nxd5 cxd5
20. Qxc7 Rb6 21. Be3 Rb7 22. Qc6 Qh5 23. Qxd5 Qf7 24. Qa5 Qc7 25. Qa4 Rxb2 26.
Bg2+ Rb7 27. Qxa7# 1-0

[Event "Politiken Cup 2008"]
[Site "Helsingør DEN"]
[Date "2008.07.19"]
[Round "1.65"]
[White "Plukkel, Sjoerd"]
[Black "Nielsen, Rogvi Egilstoft"]
[Result "0-1"]
[WhiteElo "2215"]
[BlackElo "1864"]
[PlyCount "82"]
[EventDate "2008.07.20"]
[EventType "swiss"]
[EventRounds "9"]
[EventCountry "DEN"]
[Source "lmi"]
[SourceDate "2008.07.20"]
[WhiteTeam "SV De Wijker Toren"]

1. e4 e5 2. Nf3 Nc6 3. d4 exd4 4. Nxd4 Qh4 5. Nb5 Bb4+ 6. Bd2 Qxe4+ 7. Be2 Kd8
8. O-O Nf6 9. N1c3 Qh4 10. g3 Qh3 11. Bg5 Qf5 12. Qd5 Qe6 13. Bc4 Ne5 14. Bb3
Be7 15. Bxf6 Bxf6 16. Qe4 Qb6 17. a4 c6 18. Nd6 Rf8 19. Rad1 Kc7 20. Qf4 Ng6
21. Qc4 Kb8 22. Rfe1 a5 23. Kg2 Qc7 24. f4 Be7 25. Qc5 b6 26. Qe3 Bxd6 27. Rxd6
Qxd6 28. f5 Nh8 29. Qxb6+ Bb7 30. Ne4 Qc7 31. Qc5 Re8 32. Re3 d6 33. Qd4 c5 34.
Qd3 Qc6 35. Kf2 Kc7 36. Nd2 Qg2+ 37. Ke1 Qg1+ 38. Nf1 Rxe3+ 39. Qxe3 Qxe3+ 40.
Nxe3 Re8 41. Kf2 Rxe3 0-1

[Event "Politiken Cup 2008"]
[Site "Helsingør DEN"]
[Date "2008.07.19"]
[Round "1.66"]
[White "Sjol, Henrik"]
[Black "Roelvaag, Mikael"]
[Result "1/2-1/2"]
[WhiteElo "1860"]
[BlackElo "2214"]
[PlyCount "60"]
[EventDate "2008.07.20"]
[EventType "swiss"]
[EventRounds "9"]
[EventCountry "DEN"]
[Source "lmi"]
[SourceDate "2008.07.20"]
[WhiteTeam "Akademisk"]
[BlackTeam "Narvik"]

1. e4 c6 2. d4 d5 3. Nc3 dxe4 4. Nxe4 Bf5 5. Ng3 Bg6 6. Nf3 Nd7 7. h4 h6 8. h5
Bh7 9. Bd3 Bxd3 10. Qxd3 e6 11. Bd2 Qc7 12. O-O-O O-O-O 13. Kb1 Ngf6 14. Ne4
Nc5 15. Nxc5 Bxc5 16. c3 Be7 17. Qe2 Rhe8 18. Ne5 Bd6 19. c4 c5 20. Bc3 Kb8 21.
Rd2 Ka8 22. Rhd1 cxd4 23. Bxd4 Bb4 24. Rd3 Rc8 25. Rc1 Bf8 26. Qe3 b6 27. Qf3+
Qb7 28. Nxf7 Ne4 29. Ne5 Bb4 30. Qe2 Red8 1/2-1/2

[Event "Politiken Cup 2008"]
[Site "Helsingør DEN"]
[Date "2008.07.19"]
[Round "1.67"]
[White "Pavlovskaia, Evgenia"]
[Black "Hildenstein, Bernd"]
[Result "1-0"]
[WhiteElo "2210"]
[BlackElo "1856"]
[PlyCount "25"]
[EventDate "2008.07.20"]
[EventType "swiss"]
[EventRounds "9"]
[EventCountry "DEN"]
[Source "lmi"]
[SourceDate "2008.07.20"]
[WhiteTeam "Eslov SK"]
[BlackTeam "SC Grunbach"]

1. e4 e5 2. Nf3 Nf6 3. Nc3 Nc6 4. Bb5 d6 5. d4 Bd7 6. O-O a6 7. Bxc6 bxc6 8.
dxe5 dxe5 9. Nxe5 Bb4 10. Bg5 Bxc3 11. bxc3 Rb8 12. Qd4 Rb5 13. Rfd1 1-0

[Event "Politiken Cup 2008"]
[Site "Helsingør DEN"]
[Date "2008.07.19"]
[Round "1.68"]
[White "Bjorneboe, Kristian"]
[Black "Kaaber, Jacob"]
[Result "1-0"]
[WhiteElo "1850"]
[BlackElo "2206"]
[PlyCount "81"]
[EventDate "2008.07.20"]
[EventType "swiss"]
[EventRounds "9"]
[EventCountry "DEN"]
[Source "lmi"]
[SourceDate "2008.07.20"]
[WhiteTeam "Ålsgårde"]
[BlackTeam "Køge"]

1. d4 d5 2. Nf3 Nf6 3. e3 e6 4. Bd3 c5 5. c3 Nc6 6. Nbd2 Be7 7. O-O O-O 8. dxc5
Bxc5 9. e4 a6 10. e5 Nd7 11. Nb3 Be7 12. Re1 f6 13. exf6 Bxf6 14. Qc2 h6 15.
Nfd4 Nde5 16. Nxc6 Nxc6 17. Qe2 e5 18. f3 a5 19. Be3 a4 20. Nd2 Be6 21. Bf2 a3
22. b3 e4 23. Nxe4 dxe4 24. Qxe4 Ne5 25. Qh7+ Kf7 26. Rxe5 Bxe5 27. Qg6+ Ke7
28. Bh4+ Bf6 29. Qxg7+ Kd6 30. Bg3+ Kc6 31. Qg6 Rg8 32. Be4+ Kb6 33. Bf2+ Ka6
34. Bd3+ b5 35. Qe4 Bd5 36. Qb4 Qd7 37. Rd1 Be7 38. Qd4 Qb7 39. c4 Bc6 40.
cxb5+ Bxb5 41. Qa4# 1-0

[Event "Politiken Cup 2008"]
[Site "Helsingør DEN"]
[Date "2008.07.19"]
[Round "1.69"]
[White "Van Der Linde, Maurits"]
[Black "Meier, Lars"]
[Result "0-1"]
[WhiteElo "2205"]
[BlackElo "1844"]
[PlyCount "53"]
[EventDate "2008.07.20"]
[EventType "swiss"]
[EventRounds "9"]
[EventCountry "DEN"]
[Source "lmi"]
[SourceDate "2008.07.20"]
[WhiteTeam "SV Spijkenisse"]
[BlackTeam "SK Grundau"]

1. e4 d5 2. exd5 Nf6 3. d4 Bf5 4. Bd3 Bxd3 5. Qxd3 Qxd5 6. Nf3 Qe4+ 7. Qxe4
Nxe4 8. O-O Nd7 9. Re1 Nef6 10. c4 c6 11. Nc3 Nb6 12. Ne5 e6 13. a4 Nfd7 14. a5
Nxe5 15. axb6 Nxc4 16. Rxa7 Nxb6 17. Rxb7 Nd5 18. Nxd5 cxd5 19. Bf4 Be7 20. b4
h5 21. h3 g5 22. Be5 Rh6 23. b5 f6 24. Bd6 Bxd6 25. Rxe6+ Kf8 26. Rxd6 h4 27.
b6 0-1

[Event "Politiken Cup 2008"]
[Site "Helsingør DEN"]
[Date "2008.07.19"]
[Round "1.70"]
[White "Bandke, Martin"]
[Black "Molvig, Henrik"]
[Result "0-1"]
[WhiteElo "1835"]
[BlackElo "2204"]
[PlyCount "116"]
[EventDate "2008.07.20"]
[EventType "swiss"]
[EventRounds "9"]
[EventCountry "DEN"]
[Source "lmi"]
[SourceDate "2008.07.20"]
[WhiteTeam "SC Leinfelden"]
[BlackTeam "Skovbo"]

1. e4 c5 2. c3 d5 3. exd5 Nf6 4. d4 cxd4 5. Qxd4 Qxd5 6. Nf3 Nc6 7. Qxd5 Nxd5
8. Bb5 Bd7 9. O-O e6 10. c4 Ndb4 11. Nc3 a6 12. Ba4 Nd3 13. Rd1 Nxc1 14. Raxc1
Be7 15. Rd3 O-O-O 16. Rcd1 Be8 17. a3 Rxd3 18. Rxd3 Na5 19. c5 Nc4 20. Bxe8
Rxe8 21. Na4 Rd8 22. Ne1 Rxd3 23. Nxd3 Bf6 24. Kf1 Kc7 25. Ke2 Kc6 26. b3 Nxa3
27. Kd2 Nb5 28. Nb4+ Kc7 29. Kd3 Nd4 30. Kc4 Nc6 31. Nd3 Ne5+ 32. Nxe5 Bxe5 33.
h3 f5 34. Nb6 Kc6 35. b4 Bf4 36. Na4 Be5 37. Nb6 h5 38. Nc8 Bf6 39. Nb6 Bh4 40.
g3 Bf6 41. f3 Bd8 42. Na4 g6 43. Nb2 e5 44. Nd3 Bc7 45. Nf2 e4 46. fxe4 Bxg3
47. exf5 gxf5 48. Nd3 h4 49. Nc1 b5+ 50. cxb6 Kxb6 51. Nd3 Kc6 52. Nc1 Kd6 53.
Nd3 f4 54. Kd4 Kc6 55. Kc4 f3 56. Ne5+ Bxe5 57. Kd3 f2 58. Ke2 Bg3 0-1